000 00629nam a22001817a 4500
003 UA-OsUOA
001 14753
007 ta
008 20031018b un ||||| |||| 00| 0 ukr d
100 _aГалушко В.
942 _cSA
040 _aUA-OsUOA
_cUA-OsUOA
_dUA-OsUOA
245 _a"Льон - це наше, рідне...", - такої думки дир. ПСП "Світанок" П. Чернецький: [Костопіл. р-н]
300 _aС.3
955 _a0
773 0 _w0
_tВічеве слово
_dКостопіль
_d2003
_g№33/16 серп./
650 7 _aКраєзнавча робота
_2UDC
999 _c300917
_d300917